Catálogo
 En Linea

Cuentos escritos antes del exilio / (Registro nro. 29786)

Detalles MARC
000 -CABECERA
campo de control de longitud fija 01050nam a2200241 a 4500
001 - NÚMERO DE CONTROL
campo de control 000030294
003 - IDENTIFICADOR DEL NÚMERO DE CONTROL
campo de control DO-SdBNP
005 - FECHA Y HORA DE LA ÚLTIMA TRANSACCIÓN
campo de control 20260321073642.0
008 - DATOS DE LONGITUD FIJA--INFORMACIÓN GENERAL
campo de control de longitud fija 091204s 1992 dr 000 j spa d
040 ## - FUENTE DE LA CATALOGACIÓN
Centro catalogador/agencia de origen DO-SdBNP
Lengua de catalogación spa
Centro/agencia transcriptor BNPHU
082 #4 - NÚMERO DE LA CLASIFICACIÓN DECIMAL DEWEY
Número de clasificación BNPHU RD863.44
Número de documento/Ítem B742c, 1992
100 1# - ENTRADA PRINCIPAL--NOMBRE DE PERSONA
Nombre de persona Bosch, Juan,
Fechas asociadas al nombre 1909-2001
9 (RLIN) 76555
245 10 - MENCIÓN DE TÍTULO
Título Cuentos escritos antes del exilio /
Mención de responsabilidad, etc. Juan Bosch.
250 ## - MENCIÓN DE EDICIÓN
Mención de edición 10a. ed.
260 ## - PUBLICACIÓN, DISTRIBUCIÓN, ETC.
Lugar de publicación, distribución, etc. Santo Domingo :
Nombre del editor, distribuidor, etc. Alfa y Omega,
Fecha de publicación, distribución, etc. 1992.
300 ## - DESCRIPCIÓN FÍSICA
Extensión 284 p. ;
Dimensiones 20 cm.
505 0# - NOTA DE CONTENIDO CON FORMATO
Nota de contenido con formato La mujer --
Título Dos pesos de agua --
-- La verdad --
-- Piloncito --
-- El resguardo --
-- El cobarde --
-- Chucho --
-- La pulpería --
-- Revolución --
-- El abuelo --
-- Sombras --
-- El alzado --
-- La pájara --
-- El algarrobo --
-- Forzados --
-- El cuchillo --
-- Cundito --
-- Guaraguaos --
-- La sangre --
-- Lucero --
-- Lo mejor --
-- San Andrés --
-- La negación --
-- Camino real.
590 ## - NOTA LOCAL (RLIN)
Nota local Inventarido, 2020/MFF
650 10 - PUNTO DE ACCESO ADICIONAL DE MATERIA--TÉRMINO DE MATERIA
Término de materia o nombre geográfico como elemento de entrada Cuentos dominicanos
9 (RLIN) 176
650 10 - PUNTO DE ACCESO ADICIONAL DE MATERIA--TÉRMINO DE MATERIA
Término de materia o nombre geográfico como elemento de entrada Literatura dominicana.
9 (RLIN) 67
910 ## - DATOS DE OPCIÓN DEL USUARIO (OCLC)
Datos de opción del usuario Validado. Control de calidad MMOLINA
942 ## - ELEMENTOS DE PUNTO DE ACCESO ADICIONAL (KOHA)
Fuente del sistema de clasificación o colocación Dewey Decimal Classification
Tipo de ítem Koha Libro
Existencias
Estado de retiro Estado de pérdida Fuente del sistema de clasificación o colocación Restricciones de uso No para préstamo Código de colección Localización permanente Ubicación/localización actual Ubicación en estantería Fecha de adquisición Total de préstamos Signatura topográfica completa Código de barras Fecha visto por última vez Precio válido a partir de Tipo de ítem Koha Número de copia
    Dewey Decimal Classification Excluido de préstamo   Monografías: Libros y Folletos Patrimonio Dominicano Biblioteca Nacional Pedro Henríquez Ureña Depósito 09.05.2011   BNPHU PD RD863.44 B742c 1992 30294-10 25.06.2020 25.06.2020 Libro  
    Dewey Decimal Classification Excluido de préstamo   Monografías: Libros y Folletos Patrimonio Dominicano Biblioteca Nacional Pedro Henríquez Ureña Depósito 25.07.2019   BNPHU PD RD863.44 B742c 1992 30294-20 25.06.2020 25.06.2020 Libro e.2

Con tecnología Koha